LEADER 01327nam 2200361 450 001 9910347953803321 005 20230416211257.0 010 $a1-7281-3927-9 035 $a(CKB)4100000009442154 035 $a(NjHacI)994100000009442154 035 $a(EXLCZ)994100000009442154 100 $a20230416d2019 uy 0 101 0 $aeng 135 $aur||||||||||| 181 $ctxt$2rdacontent 182 $cc$2rdamedia 183 $acr$2rdacarrier 200 10$a2019 IEEE 19th International Conference on Software Quality, Reliability and Security (QRS) /$fInstitute of Electrical and Electronics Engineers 210 1$aPiscataway :$cIEEE,$d2019. 215 $a1 online resource (various pagings) $cillustrations 311 $a1-7281-3928-7 517 $a2019 IEEE 19th International Conference on Software Quality, Reliability and Security 606 $aComputer software$xQuality control$vCongresses 606 $aComputer software$xReliability$vCongresses 615 0$aComputer software$xQuality control 615 0$aComputer software$xReliability 676 $a005.10685 801 0$bNjHacI 801 1$bNjHacl 906 $aPROCEEDING 912 $a9910347953803321 996 $a2019 IEEE 19th International Conference on Software Quality, Reliability and Security (QRS)$92516657 997 $aUNINA LEADER 03110oas 2201189 a 450 001 9910146353703321 005 20251106213014.0 011 $a1432-1262 035 $a(DE-599)ZDB1459217-4 035 $a(DE-599)1459217-4 035 $a(OCoLC)60637753 035 $a(CONSER) 2008233157 035 $a(CKB)954925488801 035 $a(EXLCZ)99954925488801 100 $a20050615a19869999 sy 101 0 $aeng 135 $aurun||||||||| 181 $ctxt$2rdacontent 182 $cc$2rdamedia 183 $acr$2rdacarrier 200 00$aInternational journal of colorectal disease 210 $aBerlin $cSpringer International 215 $a1 online resource 300 $aRefereed/Peer-reviewed 311 08$a0179-1958 517 3 $aColorectal disease 531 0 $aInt. j. colorectal dis. 606 $aColon (Anatomy)$xDiseases$vPeriodicals 606 $aColon (Anatomy)$xSurgery$vPeriodicals 606 $aRectum$xDiseases$vPeriodicals 606 $aRectum$xSurgery$vPeriodicals 606 $aColorectal Surgery 606 $aCo?lon$xMaladies$vPe?riodiques 606 $aRectum$xMaladies$vPe?riodiques 606 $aColon (Anatomy)$xDiseases$2fast$3(OCoLC)fst00868416 606 $aColon (Anatomy)$xSurgery$2fast$3(OCoLC)fst00868425 606 $aRectum$xDiseases$2fast$3(OCoLC)fst01091969 606 $aRectum$xSurgery$2fast$3(OCoLC)fst01091975 606 $aCòlon$2thub 606 $aMalalties del recte$2thub 608 $aFulltext. 608 $aInternet Resources. 608 $aPeriodicals. 608 $aperiodicals.$2aat 608 $aPeriodicals.$2fast 608 $aPeriodicals.$2lcgft 608 $aPe?riodiques.$2rvmgf 608 $aRevistes electròniques.$2thub 615 0$aColon (Anatomy)$xDiseases 615 0$aColon (Anatomy)$xSurgery 615 0$aRectum$xDiseases 615 0$aRectum$xSurgery 615 2$aColorectal Surgery. 615 6$aCo?lon$xMaladies 615 6$aRectum$xMaladies 615 7$aColon (Anatomy)$xDiseases. 615 7$aColon (Anatomy)$xSurgery. 615 7$aRectum$xDiseases. 615 7$aRectum$xSurgery. 615 7$aCòlon. 615 7$aMalalties del recte. 676 $a616.34 801 0$bOCLCS 801 1$bOCLCS 801 2$bOCL 801 2$bGUA 801 2$bOCLCQ 801 2$bUKMGB 801 2$bMYG 801 2$bOCLCQ 801 2$bOCLCF 801 2$bOCLCQ 801 2$bAPUMS 801 2$bVPI 801 2$bMUQ 801 2$bAUD 801 2$bEZC 801 2$bCASUM 801 2$bAU@ 801 2$bWYU 801 2$bOCLCO 801 2$bU3W 801 2$bOCLCO 801 2$bOCLCA 801 2$bNJT 801 2$bVT2 801 2$bSFB 801 2$bUBY 801 2$bOCLCA 801 2$bCUS 801 2$bOCLCO 801 2$bOCLCQ 801 2$bUAB 801 2$bOCLCL 801 2$bSRU 801 2$bVLY 801 2$bQGK 801 2$bOCLCQ 906 $aJOURNAL 912 $a9910146353703321 996 $aInternational journal of colorectal disease$91413674 997 $aUNINA